Development and flood risk (Record no. 94610)

MARC details
000 -LEADER
fixed length control field 00678cam a2200217 4500
008 - FIXED-LENGTH DATA ELEMENTS--GENERAL INFORMATION
fixed length control field 090401t1992 xxu||||| |||| 00| 0 eng d
020 ## - INTERNATIONAL STANDARD BOOK NUMBER
International Standard Book Number 0117527378
035 ## - SYSTEM CONTROL NUMBER
System control number (Sirsi) u63825
041 ## - LANGUAGE CODE
Language code of text/sound track or separate title eng
110 ## - MAIN ENTRY--CORPORATE NAME
Corporate name or jurisdiction name as entry element United Kingdom
Subordinate unit Department of the Environment
9 (RLIN) 982
245 ## - TITLE STATEMENT
Title Development and flood risk
260 ## - PUBLICATION, DISTRIBUTION, ETC.
Name of publisher, distributor, etc. HMSO
Date of publication, distribution, etc. 1992
300 ## - PHYSICAL DESCRIPTION
Extent 11p
350 ## - PRICE (NR) (BK AM CF MU VM SE) [OBSOLETE]
Price 2.2
490 ## - SERIES STATEMENT
Series statement DoE Circular
Volume/sequential designation 30/92 16 Dec 92
520 ## - SUMMARY, ETC.
Summary, etc. Compliments PPG20 on coastal planning. SUPERSEDED: replaced by "Planning policy guidance note 25: development and flood risk" (ISBN 0117536113)
650 ## - SUBJECT ADDED ENTRY--TOPICAL TERM
Topical term or geographic name entry element PPG20
690 ## - LOCAL SUBJECT ADDED ENTRY--TOPICAL TERM (OCLC, RLIN)
Topical term or geographic name as entry element PLANNING LAW AND PRACTICE
942 ## - ADDED ENTRY ELEMENTS (KOHA)
Suppress in OPAC 0
948 ## - LOCAL PROCESSING INFORMATION (OCLC); SERIES PART DESIGNATOR (RLIN)
c (OCLC) 04/03/1997
Holdings
Withdrawn status Lost status Source of classification or shelving scheme Damaged status Not for loan Home library Current library Shelving location Date acquired Cost, normal purchase price Total Checkouts Full call number Barcode Date last seen Copy number Cost, replacement price Price effective from Koha item type
    Dewey Decimal Classification     London London Basement 05/01/1993 2.20   BASEMENT 2 30034311 06/08/2019 1 2.20 06/08/2019 Book